Investigación de mercados: un enfoque práctico

Gardado en:
Detalles Bibliográficos
Autor Principal: Malhotra, Naresh K. (autor)
Formato: Libro
Idioma:Lingua castelá
Publicado: Ciudad de México Prentice-Hall 1997
Edición:1a. ed
Subjects:
Tags: Engadir etiqueta
Sen Etiquetas, Sexa o primeiro en etiquetar este rexistro!

MARC

LEADER 00000cam a2200000 a 4500
001 UCR5931
003 CL-VaPUC
008 980403e19970000MX |||||||||||||||||spa|d
020 |a 968880844X 
082 0 4 |a 658.8  |b MAL  |2 21 
100 |a Malhotra, Naresh K.  |e autor  |9 531822 
245 1 0 |a Investigación de mercados: un enfoque práctico 
250 |a 1a. ed 
300 |a 890 p 
942 |c BK 
945 |d 19980403 00:00:00  |a rleighto 
260 |a Ciudad de México  |b Prentice-Hall  |c 1997 
650 0 |a Análisis de mercado   |9 260838 
650 0 |a Comercialización   |9 259326 
650 0 |a Estadística   |9 259535 
650 0 |a Análisis de datos  |9 269871 
650 7 |a PROYECTO DE INVESTIGACION  |2 CL-VaPUC  |9 406911 
650 0 |a Investigación de mercado  |9 332310 
583 |a last modification  |c 20170529 10:47:52  |k Rodrigo Vera 
999 |c 268272  |d 268270 
952 |0 0  |1 0  |4 0  |6 658_800000000000000_MAL_1997  |7 0  |8 R  |9 301265  |a BIBENE  |b BIBENE  |d 2019-11-20  |i 3407853  |o 658.8 MAL 1997  |p 3407853  |r 2025-01-15  |w 2019-11-20  |y BK_R  |k ICO 
952 |0 0  |1 0  |4 0  |6 658_800000000000000_MAL_1997  |7 0  |8 R  |9 301266  |a BIBENE  |b BIBENE  |d 2019-11-20  |i 3424170  |o 658.8 MAL 1997  |p 3424170  |r 2025-01-15  |w 2019-11-20  |y BK_R  |k ICO 
952 |0 0  |1 0  |4 0  |6 658_800000000000000_MAL_1997  |7 0  |8 R  |9 301267  |a BIBENE  |b BIBENE  |d 2019-11-20  |i 3529134  |o 658.8 MAL 1997  |p 3529134  |r 2025-01-15  |w 2019-11-20  |y BK_R  |k ICO 
952 |0 0  |1 0  |4 0  |6 658_800000000000000_MAL_1997  |7 0  |8 R  |9 301268  |a BIBGIM  |b BIBGIM  |d 2019-11-20  |i 3883698  |o 658.8 MAL 1997  |p 3883698  |r 2025-01-15  |w 2019-11-20  |y BK_R  |k GIM 
952 |0 0  |1 0  |4 0  |6 658_800000000000000_MAL_1997  |7 0  |8 R  |9 301269  |a BIBGIM  |b BIBGIM  |d 2019-11-20  |i 3883701  |o 658.8 MAL 1997  |p 3883701  |r 2025-01-15  |w 2019-11-20  |y BK_R  |k GIM